|
|
|
|
| LEADER |
00000nam0a2200000 4500 |
| 001 |
57872 |
| 005 |
20231031054522.0 |
| 035 |
|
|
|a (RuTPU)RU\TPU\book\61097
|
| 090 |
|
|
|a 57872
|
| 100 |
|
|
|a 20031118d1984 m y0rusy50 ca
|
| 101 |
0 |
|
|a rus
|
| 102 |
|
|
|a RU
|
| 105 |
|
|
|a a j 001zy
|
| 200 |
1 |
|
|a Основы проектирования автоматизированных технологических комплексов производства элементов РЭА
|e учебное пособие
|f С. А. Клейменов, А. И. Павленко, С. Н. Рябов
|g Под ред. М. Ф. Росина; В. Т. Фролкина
|
| 210 |
|
|
|a Москва
|c Высшая школа
|d 1984
|
| 215 |
|
|
|a 120 с.
|c ил.
|
| 320 |
|
|
|a Библиогр.: с. 118-119
|
| 610 |
1 |
|
|a радиоэлектронная аппаратура
|
| 610 |
1 |
|
|a проектирование
|
| 610 |
1 |
|
|a автоматизированные технологические комплексы
|
| 610 |
1 |
|
|a системный анализ
|
| 610 |
1 |
|
|a состав
|
| 610 |
1 |
|
|a структура
|
| 610 |
1 |
|
|a алгоритмизация
|
| 675 |
|
|
|a 621.396.6.002(075.8)
|v 3
|
| 700 |
|
1 |
|a Клейменов
|b С. А.
|g Сергей Анатольевич
|
| 701 |
|
1 |
|a Павленко
|b А. И.
|g Александр Иванович
|
| 701 |
|
1 |
|a Рябов
|b С. Н.
|g Сергей Николаевич
|
| 702 |
|
1 |
|a Росин
|b М. Ф.
|4 340
|
| 702 |
|
1 |
|a Фролкин
|b В. Т.
|4 340
|
| 801 |
|
1 |
|a RU
|b 63413507
|c 20031118
|g PSBO
|
| 801 |
|
2 |
|a RU
|b 63413507
|c 20220113
|g PSBO
|
| 942 |
|
|
|c BK
|